The 1975 - M.O.N.E.Y. Lyrics - Statistics

General Stats
  • This quiz has been taken 62 times
  • The average score is 186 of 260
Answer Stats
Answer % Correct
M-O-N-E
100%
a
96%
A
96%
I
96%
you
96%
the
92%
and
88%
And
88%
he
88%
He
88%
it
88%
know
88%
money
88%
M-O-N-E-Y
88%
No
88%
to
88%
get
85%
Has
85%
has
85%
in
85%
in"
85%
like
85%
likes
85%
nose
85%
slow
85%
that
85%
blown
81%
Drink
81%
enough
81%
feed
81%
fro
81%
go
81%
got
81%
me
81%
spend?
81%
Why
81%
can't
77%
Can't
77%
doesn't
77%
girls
77%
him
77%
his
77%
of
77%
we're
77%
when
77%
all
73%
he's
73%
He's
73%
is
73%
on
73%
over
73%
place"
73%
talk
73%
your
73%
alone
69%
broken
69%
Broken
69%
face
69%
floor
69%
phone
69%
weed?
69%
with
69%
about"
65%
bout
65%
don't
65%
It's
65%
"It's
65%
Leave?
65%
out
65%
retching
65%
are
62%
bar
62%
believe
62%
smoking
62%
talking
62%
then
62%
because
58%
jaw's
58%
lark
58%
now
58%
slap
58%
Tabs
58%
back
54%
home
54%
if
54%
I'm
54%
"I'm
54%
mate
54%
New
54%
quick
54%
race
54%
searching
54%
unlimited
54%
bark
50%
bloody
50%
boy
50%
car
50%
case
50%
cause
50%
clothes
50%
dog
50%
friend's
50%
gin
50%
half
50%
let
50%
not
50%
O's
50%
Two
50%
walking
50%
was
50%
chin
46%
glass
46%
going
46%
gonna
46%
off
46%
singling
46%
tastes
46%
they're
46%
thinks
46%
up
46%
won't
46%
barred
42%
been
42%
but
42%
"Look
42%
M-O-N-E-Y's
42%
opened
42%
powdered
42%
Powders
42%
sleeping
42%
Yes
42%
for
38%
hard
38%
her
38%
jumps
38%
just
38%
mouth
38%
skin
38%
takes
38%
arm
35%
my
35%
charm
31%
rushing
31%
threw
27%
barks
23%
blues
23%
nut
19%
No matching quizzes found
Score Distribution
Percent of People with Each Score
Percentile by Number Answered
Your Score History
You have not taken this quiz